Fyzika 1 : Mechanika, teorie relativity, kinetická teorie látek, termodynamika /

Saved in:
Bibliographic Details
Main Authors: Šantavý, Ivan (Author), Peška, Ladislav (Author)
Format: Book
Language:Czech
Published: Brno : Vysoké učení technické v Brně, 1984
Edition:1.vyd.
Subjects:
Online Access:OBSAH
Tags: Add Tag
No Tags, Be the first to tag this record!

MARC

LEADER 00000nam a22000003a 4500
001 stu42853
005 20150617225720.2
008 940523s1984----cs------------------cze-d
040 |a STU  |b slo 
041 0 |a cze 
044 |a cs 
080 |a 53(075.8) 
100 1 |a Šantavý, Ivan  |4 aut 
245 1 |a Fyzika 1 :  |b Mechanika, teorie relativity, kinetická teorie látek, termodynamika /  |c [aut.]Ivan Šantavý, Ladislav Peška 
250 |a 1.vyd. 
260 |a Brno :  |b Vysoké učení technické v Brně,  |c 1984 
300 |a 234 s 
650 7 |a fyzika  |2 stusub 
650 7 |a mechanika  |2 stusub 
650 7 |a Relativita  |2 stusub 
650 7 |a kinetika  |2 stusub 
650 7 |a termodynamika  |2 stusub 
700 1 |a Peška, Ladislav  |4 aut 
856 4 |a https://sweb.mtf.stuba.sk/obsahy/Fyzika_I_mechanika_teorie_relativity_kineticka_teorie_latek_84  |u https://sweb.mtf.stuba.sk/obsahy/Fyzika_I_mechanika_teorie_relativity_kineticka_teorie_latek_84  |3 OBSAH 
996 |b 284M055466  |c M*S-34-3  |l MMKN  |s A  |a 24  |w stu42853_0001 
996 |b 284M034505  |c M*S-34-4  |l MMST  |s A  |a 24  |w stu42853_0002 
996 |b 284M053360  |c M*S-34-2  |l MMKN  |s A  |a 24  |w stu42853_0003